000 00305nam a22001457a 4500
008 210310b ||||| |||| 00| 0 eng d
020 _a639785305286
041 _aeng
080 _a510
082 _a510
100 _a36
101 _aMAT
245 _aCollege Algebra
_cSpiegel,R.M
942 _2udc
_cBK
999 _c56245
_d56245